000 00364nam a22001457a 4500
003 OSt
008 201120b ||||| |||| 00| 0 eng d
100 _aBALAGURUSAMY, E
245 _aObject Oriented Programming with C++
250 _a70th ed
260 _aNew Delhi
_bTata Mc Graw Hill
_c2019
300 _a558
650 _aB.Sc Computer Science
942 _2ddc
_cBK
999 _c9314
_d9314